000 00777cam a22002414a 4500
001 13471040
005 20251103161229.0
008 040123s2005 njua b 001 0 eng
020 _a0131780697
020 _a9780131780699
050 0 0 _aRT108
_b.L365 2005
082 0 0 _a616.02/5
_222
100 1 _aLangan, Joanne C.
245 1 0 _aPreparing nurses for disaster management /
_cJoanne C. Langan, Dotti C. James.
260 _aUpper Saddle River, N.J. :
_bPearson Prentice Hall,
_cc2005.
300 _axvii, 254 p. :
_bill. ;
_c28 cm.
650 0 _aDisaster nursing.
650 1 2 _aDisaster Planning.
650 1 2 _aNursing Process.
700 1 _aJames, Dotti C.
856 4 1 _3Table of contents
_uhttp://www.loc.gov/catdir/toc/ecip0414/2004001636.html
942 _2lcc
_cBK
_n0
999 _c8002
_d8002